Normal view MARC view
  • Freud, Sigmund,

Entry Nombre Personal

Number of records used in: 8

001 - NUMERO DE CONTROL

  • campo de control: 22248

003 - IDENTIFICADOR DE NUMERO DE CONTROL

  • campo de control: UPN

005 - FECHA Y HORA DE LA ÜLTIMA TRANSACCIÓN

  • campo de control: 20220831103822.0

008 - DATOS DE LONGITUD FIJA

  • campo de control de longitud fija: 220810n||acnnnbabn | ana |d

035 ## - NUMERO DE CONTROL

  • Número de control: UPN10000022257

040 ## - FUENTE DE CATALOGACIÓN

  • Agencia original de catalogación: UPN
  • Lenguaje de catalogación: spa
  • Agencia de transcripción: UPN

100 1# - ENCABEZAMIENTO - NOMBRE PERSONAL

  • Nombre personal: Freud, Sigmund,
  • Fechas asociadas con el nombre: 1856-1939
  • Subdivisión de forma: Correspondencia, memorias, etc.

670 ## - FUENTE EN LA QUE SE LOCALIZARON DATOS

  • Cita de la fuente: T/P
  • Información localizada: Salvat universal

902 ## - CATALOGADOR

  • Catalogador: BEC/090796